Thinner Than Skin (Record no. 116218)
[ view plain ]
| 000 -LEADER | |
|---|---|
| fixed length control field | 00365nam a2200133Ia 4500 |
| 008 - FIXED-LENGTH DATA ELEMENTS--GENERAL INFORMATION | |
| fixed length control field | 211119s9999||||xx |||||||||||||| ||und|| |
| 082 ## - DEWEY DECIMAL CLASSIFICATION NUMBER | |
| Classification number | 823 |
| Item number | KHA-T |
| 100 ## - MAIN ENTRY--PERSONAL NAME | |
| Personal name | Khan, Uzma Aslam |
| 245 #0 - TITLE STATEMENT | |
| Title | Thinner Than Skin |
| 260 ## - PUBLICATION, DISTRIBUTION, ETC. | |
| Name of publisher, distributor, etc. | Harpercollins |
| Place of publication, distribution, etc. | 2012 |
| Date of publication, distribution, etc. | Noida |
| 300 ## - PHYSICAL DESCRIPTION | |
| Extent | 346p |
| 650 ## - SUBJECT ADDED ENTRY--TOPICAL TERM | |
| Topical term or geographic name entry element | English Literature |
| 942 ## - ADDED ENTRY ELEMENTS (KOHA) | |
| Koha item type | BOOK |
| 650 ## - SUBJECT ADDED ENTRY--TOPICAL TERM | |
| Form subdivision | English fictionGeneralia |
| General subdivision | General stack |
| Withdrawn status | Lost status | Damaged status | Not for loan | Home library | Current library | Date acquired | Cost, normal purchase price | Total Checkouts | Full call number | Barcode | Shelving location | Date last seen | Date last checked out | Price effective from | Koha item type |
|---|---|---|---|---|---|---|---|---|---|---|---|---|---|---|---|
| SB LIBRARY | SB LIBRARY | 19/11/2021 | 499.00 | 1 | 823 KHA-T | 00129689 | GENERAL STACK | 12/03/2026 | 24/02/2026 | 19/11/2021 | BOOK |